NON -CONVENTIONAL ENERGY SOURCES AND UTILISATION (Record no. 8200)

MARC details
000 -LEADER
fixed length control field 00459nam a22001817a 4500
005 - DATE AND TIME OF LATEST TRANSACTION
control field 20230128115725.0
008 - FIXED-LENGTH DATA ELEMENTS--GENERAL INFORMATION
fixed length control field 230125b |||||||| |||| 00| 0 eng d
020 ## - INTERNATIONAL STANDARD BOOK NUMBER
ISBN 978812939713
041 ## - LANGUAGE CODE
Language code of text/sound track or separate title eng
082 ## - DEWEY DECIMAL CLASSIFICATION NUMBER
Classification number 333.7 RAJ -N
100 ## - MAIN ENTRY--AUTHOR NAME
Personal name RAJPUT , Er. R.K
245 ## - TITLE STATEMENT
Title NON -CONVENTIONAL ENERGY SOURCES AND UTILISATION
250 ## - EDITION STATEMENT
Edition statement 2nd ed.
260 ## - PUBLICATION, DISTRIBUTION, ETC. (IMPRINT)
Name of publisher S.CHAND AND COMPANY
Year of publication 2020
300 ## - PHYSICAL DESCRIPTION
Number of Pages 480
650 ## - SUBJECT ADDED ENTRY--TOPICAL TERM
Topical Term AGRICULTURE
942 ## - ADDED ENTRY ELEMENTS (KOHA)
Koha item type Books
Holdings
Lost status Damaged status Collection code Home library Current library Shelving location Date acquired Source of acquisition Cost, normal purchase price Full call number Accession Number Koha item type
    AGRICULTURE JRU Library JRU Library SHELF-45-G 20/01/2023 LOHIA BOOK INTERNATIONAL 480.00 333.7 RAJ -N 27307 Books
    AGRICULTURE JRU Library JRU Library SHELF-45-G 20/01/2023 LOHIA BOOK INTERNATIONAL 480.00 333.7 RAJ -N 27308 Books
    AGRICULTURE JRU Library JRU Library SHELF-45-G 20/01/2023 LOHIA BOOK INTERNATIONAL 480.00 333.7 RAJ -N 27309 Books
    AGRICULTURE JRU Library JRU Library SHELF-45-G 20/01/2023 LOHIA BOOK INTERNATIONAL 480.00 333.7 RAJ -N 27310 Books
    AGRICULTURE JRU Library JRU Library SHELF-45-G 20/01/2023 LOHIA BOOK INTERNATIONAL 480.00 333.7 RAJ -N 27311 Books